Sports Quiz

Random Sports or Baseball Quiz

MLB .300 Hitters (1990s) Quiz Stats

 Plays Quiz Updated Oct 6, 2014

Score 0/42 Timer 10:00
0 Plays Today
Avg. Player % Correct
.344Tony Gwynn
93.1%
.318Derek Jeter
89.9%
.302Ken Griffey
83.5%
.320Frank Thomas
82.9%
.302Barry Bonds
82.5%
.322Edgar Martinez
81.6%
.315Todd Helton
79.4%
.313Larry Walker
78.7%
.308Alex Rodriguez
78.1%
.328Mike Piazza
77.8%
.300Ivan Rodriguez
77.7%
.304Jeff Bagwell
75.2%
.301Chipper Jones
74.4%
.314Vladimir Guerrero
73.6%
.312Kirby Puckett
72.4%
.304Wade Boggs
70.4%
.322Nomar Garciaparra
69.6%
.307Manny Ramirez
69.3%
.313Paul Molitor
66.4%
.304Bernie Williams
66.2%
.303Barry Larkin
56.4%
Avg. Player % Correct
.308Roberto Alomar
55.5%
.301Mo Vaughn
52.1%
.310Mark Grace
46.2%
.310Kenny Lofton
45.9%
.300Garrett Anderson
44%
.303Dante Bichette
40.7%
.301John Olerud
39.1%
.302Will Clark
33%
.312Jason Kendall
26.4%
.311Bobby Abreu
21.5%
.306John Kruk
20.1%
.310Sean Casey
16.7%
.304Julio Franco
16.3%
.309Rusty Greer
13.5%
.307Hal Morris
11%
.301Brett Butler
10.4%
.307Jeff Cirillo
7.8%
.307Shane Mack
3.7%
.300Reggie Jefferson
3.2%
.301Brian Harper
2.8%
.303Don Slaught
1.6%

You're not logged in!

Compare scores with friends on all Sporcle quizzes.
OR
Log In

You Might Also Like...

Show Comments

Extras

Top Quizzes Today


Score Distribution

Your Account Isn't Verified!

In order to create a playlist on Sporcle, you need to verify the email address you used during registration. Go to your Sporcle Settings to finish the process.

Report this User

Report this user for behavior that violates our Community Guidelines.

Details: